Beers by Country - Statistics

General Stats
  • This quiz has been taken 34 times
  • The average score is 21 of 30
Answer Stats
Beer Country % Correct
4) Guinness Ireland
94%
15) Asahi Japan
94%
3) Stella Artois Belgium
91%
14) Tsingtao China
91%
6) Peroni Italy
91%
10) Newcastle Brown United Kingdom
91%
2) Fosters Australia
88%
20) Carlsberg Denmark
88%
8) Modelo Mexico
88%
9) Heineken Netherlands
88%
30) Estrella Galicia Spain
88%
23) Krombacher Germany
82%
12) Pilsner Urquell Czech Republic
79%
27) Kronenbourg 1664 France
79%
1) Yuengling United States
79%
5) Molsons Canada
73%
29) Super Bock Portugal
73%
22) Quilmes Argentina
70%
26) Singha Thailand
70%
13) Stiegl Austria
67%
21) Brahma Brazil
64%
7) Red Stripe Jamaica
61%
25) Hite South Korea
61%
24) San Miguel Philippines
48%
28) Pilsen Callao Peru
42%
11) Tiger Singapore
42%
16) Tusker Kenya
24%
18) Kalik Gold Bahamas
21%
19) Kubuli Lager Dominica
15%
17) Mosi Lager Zambia
12%
No matching quizzes found
Score Distribution
Percent of People with Each Score
Percentile by Number Answered
Your Score History
You have not taken this quiz